| 000 | 00311nam a22000977a 4500 | ||
|---|---|---|---|
| 999 |
_c507382 _d507382 |
||
| 082 | _aG1x54 In2 | ||
| 100 |
_aNarula, B.S. _91518 |
||
| 245 |
_aLeadership at the level of ministers in central government: _ba study _cby B.S. Narula |
||
| 260 |
_aNew Delhi _bIndian Institute of Public Administration |
||
| 300 | _a224p. | ||